[Event "GER-ch Youth U14 2019"]
[Site "Willingen"]
[Date "2019.06.12"]
[Round "6.13"]
[White "May, Ben-Iven"]
[Black "Farokhi, Keyvan"]
[Result "0-1"]
[WhiteElo "1692"]
[BlackElo "1963"]
[Annotator "NA"]
[PlyCount "92"]
[EventDate "2019.06.07"]
[EventType "swiss"]
[EventRounds "9"]
[EventCountry "GER"]
[SourceTitle "playchess.com"]
[Source "ChessBase"]
[SourceQuality "1"]
[TimeControl "40/5400+30:1800+30"]

1. e4 {[%emt 0:00:00]} c6 {[%emt 0:00:00]} 2. Nc3 {[%emt 0:00:00]} d5 {[%emt 0:00:00]} 3. Nf3 {[%emt 0:00:00]} dxe4 {[%emt 0:00:00]} 4. Nxe4 {[%emt 0:00:00]} Bg4 {[%emt 0:00:00]} 5. Be2 {[%emt 0:00:58]} e6 {[%emt 0:00:39]} 6. O-O {[%emt 0:00:15]} Be7 {[%emt 0:00:30]} 7. d4 {[%emt 0:00:28]} Nf6 {[%emt 0:00:11]} 8. Ng3 {[%emt 0:00:04]} O-O {[%emt 0:00:23]} 9. b3 {[%emt 0:01:50]} Nbd7 {[%emt 0:00:28]} 10. Bb2 {[%emt 0:00:04]} Nh5 {[%emt 0:03:14]} 11. Nxh5 {[%emt 0:04:19]} Bxh5 {[%emt 0:00:02]} 12. Ne5 {[%emt 0:00:07]} Bxe2 {[%emt 0:01:01]} 13. Qxe2 {[%emt 0:00:01]} Nxe5 {[%emt 0:07:36]} 14. dxe5 {[%emt 0:00:11]} Bc5 {[%emt 0:00:10]} 15. Rad1 {[%emt 0:00:15]} Qe7 {[%emt 0:00:08]} 16. Rd3 {[%emt 0:04:28]} Rfd8 {[%emt 0:01:20]} 17. Rfd1 {[%emt 0:00:14]} Rxd3 {[%emt 0:00:14]} 18. Qxd3 {[%emt 0:00:13]} Bb6 {[%emt 0:00:36]} 19. c4 {[%emt 0:07:38]} Rd8 {[%emt 0:03:08]} 20. Qe2 {[%emt 0:00:28]} Rd7 {[%emt 0:02:22]} 21. h3 {[%emt 0:07:52]} Qd8 {[%emt 0:00:13]} 22. Rxd7 {[%emt 0:00:04]} Qxd7 {[%emt 0:00:02]} 23. Kf1 {[%emt 0:00:12]} Bc5 {[%emt 0:05:08]} 24. Bc3 {[%emt 0:03:48]} b5 {[%emt 0:03:58]} 25. Ke1 {[%emt 0:07:15]} b4 {[%emt 0:06:22]} 26. Bb2 {[%emt 0:03:50]} a5 {[%emt 0:01:07]} 27. f3 {[%emt 0:04:39]} Qd8 {[%emt 0:08:31]} 28. Qe4 {[%emt 0:09:29]} Qg5 {[%emt 0:07:15]} 29. Qe2 {[%emt 0:09:44]} Qg3+ {[%emt 0:03:55]} 30. Kd2 {[%emt 0:04:05]} h5 {[%emt 0:02:37]} 31. Kd1 {[%emt 0:08:37]} Bf2 {[%emt 0:17:22]} 32. Qf1 {[%emt 0:00:37]} c5 {[%emt 0:00:55]} 33. Kd2 {[%emt 0:08:43]} Qf4+ {[%emt 0:00:59]} 34. Kd1 {[%emt 0:00:29]} Bd4 {[%emt 0:03:56]} 35. Qe2 {[%emt 0:00:05]} Bxb2 {[%emt 0:00:15]} 36. Qxb2 {[%emt 0:00:02]} a4 {[%emt 0:01:35]} 37. Qe2 {[%emt 0:11:19]} Qd4+ {[%emt 0:01:48]} 38. Kc2 {[%emt 0:00:01]} Qc3+ {[%emt 0:00:27]} 39. Kb1 {[%emt 0:00:14]} axb3 {[%emt 0:00:06]} 40. axb3 {[%emt 0:01:24]} Qxb3+ {[%emt 0:00:10]} 41. Ka1 {[%emt 0:30:51]} Qc3+ {[%emt 0:30:50]} 42. Kb1 {[%emt 0:00:00]} Qd4 {[%emt 0:07:47]} 43. Ka2 {[%emt 0:00:00]} Kh7 {[%emt 0:00:00]} 44. Qc2+ {[%emt 0:00:00]} Kh6 {[%emt 0:00:00]} 45. Qe2 {[%emt 0:00:00]} Qc3 {[%emt 0:00:00]} 46. Kb1 {[%emt 0:00:00]} b3 {[%emt 0:00:00] normal} 0-1

[Event "GER-ch Youth U14 2019"]
[Site "Willingen"]
[Date "2019.06.12"]
[Round "6.14"]
[White "Matthaei, Jakob"]
[Black "Roste, Hugo"]
[Result "1-0"]
[WhiteElo "1666"]
[BlackElo "1287"]
[Annotator "NA"]
[PlyCount "77"]
[EventDate "2019.06.07"]
[EventType "swiss"]
[EventRounds "9"]
[EventCountry "GER"]
[SourceTitle "playchess.com"]
[Source "ChessBase"]
[SourceQuality "1"]
[TimeControl "40/5400+30:1800+30"]

1. e4 {[%emt 0:00:00]} c5 {[%emt 0:00:00]} 2. c3 {[%emt 0:00:00]} Nf6 {[%emt 0:00:00]} 3. e5 {[%emt 0:00:00]} Nd5 {[%emt 0:00:00]} 4. d4 {[%emt 0:00:00]} cxd4 {[%emt 0:00:00]} 5. Nf3 {[%emt 0:00:00]} Nc6 {[%emt 0:00:16]} 6. cxd4 {[%emt 0:00:00]} d6 {[%emt 0:00:17]} 7. Bc4 {[%emt 0:00:04]} dxe5 {[%emt 0:00:18]} 8. dxe5 {[%emt 0:00:09]} Nb6 {[%emt 0:00:08]} 9. Qxd8+ {[%emt 0:00:09]} Nxd8 {[%emt 0:00:14]} 10. Bb5+ {[%emt 0:01:11]} Bd7 {[%emt 0:00:14]} 11. Nc3 {[%emt 0:00:30]} g6 {[%emt 0:01:21]} 12. Be3 {[%emt 0:01:57]} Nc6 {[%emt 0:04:37]} 13. Bxb6 {[%emt 0:05:51]} axb6 {[%emt 0:00:17]} 14. Nd5 {[%emt 0:05:29]} Ra5 {[%emt 0:04:12]} 15. b4 {[%emt 0:05:13]} Ra3 {[%emt 0:02:14]} 16. Nxb6 {[%emt 0:04:11]} Bg7 {[%emt 0:05:56]} 17. Rd1 {[%emt 0:22:29]} Bg4 {[%emt 0:04:01]} 18. Nd5 {[%emt 0:03:39]} f6 {[%emt 0:10:21]} 19. Nc7+ {[%emt 0:15:09]} Kf8 {[%emt 0:02:26]} 20. Bxc6 {[%emt 0:03:02]} bxc6 {[%emt 0:00:53]} 21. h3 {[%emt 0:03:36]} Bf5 {[%emt 0:02:48]} 22. Nd4 {[%emt 0:02:20]} fxe5 {[%emt 0:02:52]} 23. Nce6+ {[%emt 0:08:54]} Kf7 {[%emt 0:02:07]} 24. Nxg7 {[%emt 0:01:09]} exd4 {[%emt 0:01:04]} 25. Nxf5 {[%emt 0:00:08]} gxf5 {[%emt 0:00:08]} 26. Rxd4 {[%emt 0:00:26]} Rxa2 {[%emt 0:00:16]} 27. O-O {[%emt 0:00:19]} Rc2 {[%emt 0:01:34]} 28. Ra1 {[%emt 0:02:33]} h5 {[%emt 0:02:14]} 29. Ra7 {[%emt 0:02:26]} Re8 {[%emt 0:02:03]} 30. Rdd7 {[%emt 0:02:19]} Rc4 {[%emt 0:01:04]} 31. Rdb7 {[%emt 0:02:27]} Re4 {[%emt 0:02:22]} 32. Ra6 {[%emt 0:01:46]} Rc8 {[%emt 0:01:15]} 33. Ra5 {[%emt 0:00:42]} Kf6 {[%emt 0:03:22]} 34. Rc5 {[%emt 0:00:31]} Ke6 {[%emt 0:12:00]} 35. Rb6 {[%emt 0:00:52]} Re5 {[%emt 0:02:56]} 36. Rbxc6+ {[%emt 0:00:47]} Rxc6 {[%emt 0:00:27]} 37. Rxc6+ {[%emt 0:00:01]} Kd7 {[%emt 0:00:42]} 38. Rc4 {[%emt 0:00:58]} Re6 {[%emt 0:01:21]} 39. Kh2 {[%emt 0:01:43] normal} 1-0

[Event "GER-ch Youth U14 2019"]
[Site "Willingen"]
[Date "2019.06.12"]
[Round "6.15"]
[White "Haufe, Laurin"]
[Black "Wang, Xinyuan"]
[Result "1-0"]
[WhiteElo "1995"]
[BlackElo "2060"]
[Annotator "NA"]
[PlyCount "59"]
[EventDate "2019.06.07"]
[EventType "swiss"]
[EventRounds "9"]
[EventCountry "GER"]
[SourceTitle "playchess.com"]
[Source "ChessBase"]
[SourceQuality "1"]
[TimeControl "40/5400+30:1800+30"]

1. e4 {[%emt 0:00:00]} g6 {[%emt 0:00:03]} 2. d4 {[%emt 0:00:00]} Bg7 {[%emt 0:00:03]} 3. Nc3 {[%emt 0:00:01]} d6 {[%emt 0:00:06]} 4. f4 {[%emt 0:00:12]} e6 {[%emt 0:00:29]} 5. Nf3 {[%emt 0:00:19]} Ne7 {[%emt 0:00:10]} 6. Bd3 {[%emt 0:00:56]} Nd7 {[%emt 0:00:34]} 7. Be3 {[%emt 0:01:46]} O-O {[%emt 0:00:39]} 8. Qd2 {[%emt 0:01:04]} Nf6 {[%emt 0:01:56]} 9. h3 {[%emt 0:02:10]} a6 {[%emt 0:00:24]} 10. g4 {[%emt 0:02:57]} b5 {[%emt 0:01:12]} 11. Ne2 {[%emt 0:04:01]} Bb7 {[%emt 0:06:09]} 12. Ng3 {[%emt 0:00:54]} Rc8 {[%emt 0:03:25]} 13. g5 {[%emt 0:08:46]} Nd7 {[%emt 0:02:56]} 14. h4 {[%emt 0:05:38]} c5 {[%emt 0:01:14]} 15. c3 {[%emt 0:04:26]} Qa5 {[%emt 0:06:35]} 16. h5 {[%emt 0:17:27]} Rfd8 {[%emt 0:00:49]} 17. hxg6 {[%emt 0:00:43]} fxg6 {[%emt 0:00:26]} 18. Kf2 {[%emt 0:10:58]} cxd4 {[%emt 0:04:12]} 19. Nxd4 {[%emt 0:02:30]} Bxd4 {[%emt 0:02:47]} 20. cxd4 {[%emt 0:08:45]} Qxd2+ {[%emt 0:02:53]} 21. Bxd2 {[%emt 0:00:06]} e5 {[%emt 0:00:30]} 22. fxe5 {[%emt 0:01:16]} dxe5 {[%emt 0:02:14]} 23. d5 {[%emt 0:00:54]} Nc5 {[%emt 0:01:24]} 24. Be2 {[%emt 0:03:29]} Rf8+ {[%emt 0:03:59]} 25. Ke1 {[%emt 0:02:39]} Na4 {[%emt 0:03:55]} 26. Bb4 {[%emt 0:01:27]} Rf7 {[%emt 0:01:15]} 27. b3 {[%emt 0:02:01]} Nc3 {[%emt 0:01:29]} 28. Bg4 {[%emt 0:02:28]} Nxe4 {[%emt 0:09:50]} 29. Nxe4 {[%emt 0:06:31]} Rf4 {[%emt 0:00:45]} 30. Nf6+ {[%emt 0:01:27] normal} 1-0

[Event "GER-ch Youth U14 2019"]
[Site "Willingen"]
[Date "2019.06.12"]
[Round "6.16"]
[White "Schulemann, Gero"]
[Black "Kolmykov, Egor"]
[Result "1-0"]
[WhiteElo "1862"]
[BlackElo "1642"]
[Annotator "NA"]
[PlyCount "73"]
[EventDate "2019.06.07"]
[EventType "swiss"]
[EventRounds "9"]
[EventCountry "GER"]
[SourceTitle "playchess.com"]
[Source "ChessBase"]
[SourceQuality "1"]
[TimeControl "40/5400+30:1800+30"]

1. e4 {[%emt 0:00:00]} c5 {[%emt 0:00:00]} 2. Nf3 {[%emt 0:00:00]} a6 {[%emt 0:00:00]} 3. c3 {[%emt 0:00:00]} d5 {[%emt 0:00:00]} 4. exd5 {[%emt 0:00:35]} Nf6 {[%emt 0:02:08]} 5. d4 {[%emt 0:02:20]} Qxd5 {[%emt 0:00:12]} 6. Be3 {[%emt 0:00:35]} e6 {[%emt 0:03:09]} 7. Nbd2 {[%emt 0:05:54]} Be7 {[%emt 0:02:45]} 8. Nc4 {[%emt 0:02:22]} Nbd7 {[%emt 0:03:06]} 9. dxc5 {[%emt 0:11:57]} Bxc5 {[%emt 0:05:00]} 10. Be2 {[%emt 0:04:57]} O-O {[%emt 0:01:28]} 11. O-O {[%emt 0:01:02]} b5 {[%emt 0:05:56]} 12. Bxc5 {[%emt 0:04:13]} Qxc5 {[%emt 0:01:52]} 13. Ne3 {[%emt 0:00:52]} Bb7 {[%emt 0:01:17]} 14. a4 {[%emt 0:04:55]} b4 {[%emt 0:09:02]} 15. Qb3 {[%emt 0:13:11]} a5 {[%emt 0:04:53]} 16. cxb4 {[%emt 0:04:35]} axb4 {[%emt 0:00:41]} 17. Rfc1 {[%emt 0:01:25]} Qe7 {[%emt 0:00:43]} 18. Nd4 {[%emt 0:10:03]} Rac8 {[%emt 0:08:23]} 19. Ndc2 {[%emt 0:06:52]} Nd5 {[%emt 0:01:47]} 20. Nxd5 {[%emt 0:01:42]} exd5 {[%emt 0:00:46]} 21. Bb5 {[%emt 0:02:55]} Bc6 {[%emt 0:04:20]} 22. Bxc6 {[%emt 0:05:38]} Rxc6 {[%emt 0:01:02]} 23. Qxb4 {[%emt 0:01:22]} Qf6 {[%emt 0:00:55]} 24. Nd4 {[%emt 0:02:37]} Rxc1+ {[%emt 0:01:13]} 25. Rxc1 {[%emt 0:00:05]} Ne5 {[%emt 0:00:17]} 26. Qc3 {[%emt 0:01:44]} Qg6 {[%emt 0:01:25]} 27. h3 {[%emt 0:02:28]} f5 {[%emt 0:00:55]} 28. Nf3 {[%emt 0:01:40]} Nxf3+ {[%emt 0:00:40]} 29. Qxf3 {[%emt 0:00:04]} Rd8 {[%emt 0:00:06]} 30. Rd1 {[%emt 0:00:34]} d4 {[%emt 0:00:36]} 31. Rxd4 {[%emt 0:01:10]} Qf6 {[%emt 0:01:56]} 32. Rxd8+ {[%emt 0:00:12]} Qxd8 {[%emt 0:00:01]} 33. b4 {[%emt 0:01:32]} Qd4 {[%emt 0:00:24]} 34. Qb3+ {[%emt 0:00:17]} Kf8 {[%emt 0:00:22]} 35. Qb1 {[%emt 0:01:07]} g6 {[%emt 0:00:27]} 36. a5 {[%emt 0:00:12]} Qa7 {[%emt 0:00:32]} 37. Qa1 {[%emt 0:00:18] normal} 1-0

[Event "GER-ch Youth U14 2019"]
[Site "Willingen"]
[Date "2019.06.12"]
[Round "6.17"]
[White "Schauties, Nico Antonio"]
[Black "Seng, Alexander"]
[Result "1/2-1/2"]
[WhiteElo "1866"]
[BlackElo "1505"]
[Annotator "NA"]
[PlyCount "75"]
[EventDate "2019.06.07"]
[EventType "swiss"]
[EventRounds "9"]
[EventCountry "GER"]
[SourceTitle "playchess.com"]
[Source "ChessBase"]
[SourceQuality "1"]
[TimeControl "40/5400+30:1800+30"]

1. d4 {[%emt 0:00:00]} Nf6 {[%emt 0:00:00]} 2. Nf3 {[%emt 0:00:00]} g6 {[%emt 0:01:17]} 3. c4 {[%emt 0:00:00]} Bg7 {[%emt 0:00:06]} 4. Nc3 {[%emt 0:00:02]} d6 {[%emt 0:00:24]} 5. e4 {[%emt 0:00:28]} O-O {[%emt 0:00:31]} 6. Be2 {[%emt 0:00:07]} e5 {[%emt 0:03:38]} 7. d5 {[%emt 0:00:16]} Nbd7 {[%emt 0:01:58]} 8. h3 {[%emt 0:00:18]} Nc5 {[%emt 0:05:53]} 9. Qc2 {[%emt 0:00:10]} a5 {[%emt 0:00:12]} 10. g4 {[%emt 0:00:32]} Bd7 {[%emt 0:04:42]} 11. Be3 {[%emt 0:00:53]} Na6 {[%emt 0:04:50]} 12. a3 {[%emt 0:05:59]} c6 {[%emt 0:04:40]} 13. Na4 {[%emt 0:03:20]} c5 {[%emt 0:09:54]} 14. Nc3 {[%emt 0:02:04]} Nc7 {[%emt 0:02:08]} 15. Nd2 {[%emt 0:05:31]} Nfe8 {[%emt 0:04:32]} 16. f3 {[%emt 0:04:39]} Rb8 {[%emt 0:11:33]} 17. Nb5 {[%emt 0:00:43]} Nxb5 {[%emt 0:03:08]} 18. cxb5 {[%emt 0:00:31]} b6 {[%emt 0:02:34]} 19. a4 {[%emt 0:00:49]} g5 {[%emt 0:03:57]} 20. Nc4 {[%emt 0:03:11]} f6 {[%emt 0:01:39]} 21. O-O-O {[%emt 0:01:02]} h6 {[%emt 0:00:07]} 22. h4 {[%emt 0:00:18]} Qe7 {[%emt 0:02:36]} 23. Bf2 {[%emt 0:05:27]} Kf7 {[%emt 0:01:47]} 24. Ne3 {[%emt 0:00:48]} Nc7 {[%emt 0:03:25]} 25. Bc4 {[%emt 0:02:56]} Rh8 {[%emt 0:03:48]} 26. Rh2 {[%emt 0:01:28]} Rbf8 {[%emt 0:00:40]} 27. Rdh1 {[%emt 0:01:16]} Ke8 {[%emt 0:00:08]} 28. Be1 {[%emt 0:03:56]} Na8 {[%emt 0:01:49]} 29. Bc3 {[%emt 0:01:10]} Bc8 {[%emt 0:01:17]} 30. Qd2 {[%emt 0:03:16]} Qd8 {[%emt 0:00:38]} 31. Bd3 {[%emt 0:03:36]} Rf7 {[%emt 0:03:27]} 32. Nc4 {[%emt 0:02:43]} Ra7 {[%emt 0:01:25]} 33. Qg2 {[%emt 0:02:41]} Qe7 {[%emt 0:02:33]} 34. Qh3 {[%emt 0:01:39]} Kd8 {[%emt 0:01:17]} 35. hxg5 {[%emt 0:00:43]} fxg5 {[%emt 0:00:55]} 36. Qh5 {[%emt 0:01:12]} Qf6 {[%emt 0:01:16]} 37. Be2 {[%emt 0:01:20]} Re7 {[%emt 0:03:35]} 38. Bd2 {[%emt 0:17:21] normal} 1/2-1/2

[Event "GER-ch Youth U14 2019"]
[Site "Willingen"]
[Date "2019.06.12"]
[Round "6.18"]
[White "Weidenhoefer, Max"]
[Black "Sinnhoefer, Joshua"]
[Result "1/2-1/2"]
[WhiteElo "1787"]
[BlackElo "1466"]
[Annotator "NA"]
[PlyCount "60"]
[EventDate "2019.06.07"]
[EventType "swiss"]
[EventRounds "9"]
[EventCountry "GER"]
[SourceTitle "playchess.com"]
[Source "ChessBase"]
[SourceQuality "1"]
[TimeControl "40/5400+30:1800+30"]

1. e4 {[%emt 0:00:00]} c5 {[%emt 0:01:01]} 2. Nf3 {[%emt 0:00:00]} Nc6 {[%emt 0:00:04]} 3. d4 {[%emt 0:00:00]} cxd4 {[%emt 0:00:06]} 4. Nxd4 {[%emt 0:00:00]} Nf6 {[%emt 0:00:16]} 5. Nc3 {[%emt 0:00:02]} e5 {[%emt 0:00:27]} 6. Ndb5 {[%emt 0:00:07]} d6 {[%emt 0:01:27]} 7. Bg5 {[%emt 0:00:45]} Be7 {[%emt 0:00:39]} 8. Bxf6 {[%emt 0:00:45]} Bxf6 {[%emt 0:01:17]} 9. Nd5 {[%emt 0:00:07]} O-O {[%emt 0:00:31]} 10. Nxf6+ {[%emt 0:03:02]} Qxf6 {[%emt 0:01:38]} 11. Qxd6 {[%emt 0:04:33]} Qh4 {[%emt 0:03:49]} 12. Bd3 {[%emt 0:11:58]} Rd8 {[%emt 0:01:12]} 13. Qc5 {[%emt 0:06:02]} Qg5 {[%emt 0:02:42]} 14. Kf1 {[%emt 0:21:36]} Bd7 {[%emt 0:08:45]} 15. Qe3 {[%emt 0:11:26]} Qxe3 {[%emt 0:00:31]} 16. fxe3 {[%emt 0:00:07]} Nb4 {[%emt 0:00:11]} 17. Nc3 {[%emt 0:00:15]} Nxd3 {[%emt 0:01:24]} 18. cxd3 {[%emt 0:00:01]} Bg4 {[%emt 0:00:36]} 19. h3 {[%emt 0:00:31]} Bh5 {[%emt 0:00:09]} 20. g4 {[%emt 0:00:11]} Bg6 {[%emt 0:00:06]} 21. Ke2 {[%emt 0:00:15]} Rd6 {[%emt 0:00:37]} 22. Rhd1 {[%emt 0:01:12]} Rad8 {[%emt 0:00:15]} 23. Rd2 {[%emt 0:00:19]} f6 {[%emt 0:00:32]} 24. Rad1 {[%emt 0:00:59]} h5 {[%emt 0:02:50]} 25. Kf3 {[%emt 0:05:52]} h4 {[%emt 0:02:59]} 26. d4 {[%emt 0:05:24]} Kf7 {[%emt 0:01:16]} 27. d5 {[%emt 0:12:35]} a6 {[%emt 0:01:23]} 28. Rc1 {[%emt 0:02:02]} Rc8 {[%emt 0:00:32]} 29. Rdc2 {[%emt 0:00:38]} Ke7 {[%emt 0:00:51]} 30. Rd2 {[%emt 0:05:19]} Rc4 {[%emt 0:04:31] normal} 1/2-1/2

[Event "GER-ch Youth U14 2019"]
[Site "Willingen"]
[Date "2019.06.12"]
[Round "6.19"]
[White "Rockmann, Enno"]
[Black "Bress, Aaron"]
[Result "0-1"]
[WhiteElo "1527"]
[BlackElo "1849"]
[Annotator "NA"]
[PlyCount "107"]
[EventDate "2019.06.07"]
[EventType "swiss"]
[EventRounds "9"]
[EventCountry "GER"]
[SourceTitle "playchess.com"]
[Source "ChessBase"]
[SourceQuality "1"]
[TimeControl "40/5400+30:1800+30"]

1. e4 {[%emt 0:00:00]} c6 {[%emt 0:00:00]} 2. d4 {[%emt 0:00:00]} d5 {[%emt 0:00:00]} 3. exd5 {[%emt 0:00:00]} cxd5 {[%emt 0:00:03]} 4. c4 {[%emt 0:00:00]} Nf6 {[%emt 0:00:09]} 5. Nc3 {[%emt 0:00:00]} Nc6 {[%emt 0:00:17]} 6. cxd5 {[%emt 0:00:57]} Nxd5 {[%emt 0:02:39]} 7. Bc4 {[%emt 0:04:14]} Nb6 {[%emt 0:00:39]} 8. Bb5 {[%emt 0:00:04]} a6 {[%emt 0:00:11]} 9. Bxc6+ {[%emt 0:02:03]} bxc6 {[%emt 0:00:11]} 10. Nf3 {[%emt 0:00:28]} Bg4 {[%emt 0:00:58]} 11. O-O {[%emt 0:00:14]} e6 {[%emt 0:04:09]} 12. Qd3 {[%emt 0:04:02]} Bf5 {[%emt 0:10:06]} 13. Qe2 {[%emt 0:00:54]} Be7 {[%emt 0:01:35]} 14. Ne5 {[%emt 0:00:38]} Qc7 {[%emt 0:14:55]} 15. Bf4 {[%emt 0:02:36]} Bd6 {[%emt 0:03:07]} 16. Qf3 {[%emt 0:02:03]} O-O {[%emt 0:07:01]} 17. Ne2 {[%emt 0:02:44]} Nd5 {[%emt 0:02:45]} 18. Rac1 {[%emt 0:02:22]} Nxf4 {[%emt 0:04:56]} 19. Nxf4 {[%emt 0:00:08]} Bxe5 {[%emt 0:00:25]} 20. dxe5 {[%emt 0:00:51]} Qxe5 {[%emt 0:00:06]} 21. b3 {[%emt 0:02:45]} Rac8 {[%emt 0:18:47]} 22. Rfe1 {[%emt 0:01:06]} Qa5 {[%emt 0:02:44]} 23. Re2 {[%emt 0:01:28]} Rfd8 {[%emt 0:01:12]} 24. g4 {[%emt 0:01:01]} Bg6 {[%emt 0:02:16]} 25. Rxc6 {[%emt 0:00:20]} Rxc6 {[%emt 0:03:04]} 26. Qxc6 {[%emt 0:00:04]} Qg5 {[%emt 0:01:41]} 27. Rd2 {[%emt 0:08:04]} a5 {[%emt 0:14:29]} 28. Qb5 {[%emt 0:03:27]} Qxg4+ {[%emt 0:01:23]} 29. Kf1 {[%emt 0:00:08]} Rc8 {[%emt 0:00:56]} 30. Qc5 {[%emt 0:01:59]} e5 {[%emt 0:02:00]} 31. Qc7 {[%emt 0:01:26]} h6 {[%emt 0:01:17]} 32. Rd8+ {[%emt 0:00:06]} Rxd8 {[%emt 0:00:14]} 33. Qxd8+ {[%emt 0:00:04]} Kh7 {[%emt 0:00:13]} 34. Nxg6 {[%emt 0:00:37]} Qxg6 {[%emt 0:00:30]} 35. Qxa5 {[%emt 0:00:09]} Qd3+ {[%emt 0:00:33]} 36. Kg2 {[%emt 0:00:19]} Qe4+ {[%emt 0:00:23]} 37. Kf1 {[%emt 0:00:08]} Qh1+ {[%emt 0:00:24]} 38. Ke2 {[%emt 0:00:06]} Qxh2 {[%emt 0:00:14]} 39. Qd5 {[%emt 0:00:05]} Qf4 {[%emt 0:00:53]} 40. Qd3+ {[%emt 0:00:09]} e4 {[%emt 0:00:24]} 41. Qe3 {[%emt 0:30:17]} Qg4+ {[%emt 0:02:50]} 42. Kf1 {[%emt 0:00:00]} h5 {[%emt 0:04:14]} 43. Qg3 {[%emt 0:00:00]} Qf5 {[%emt 0:01:46]} 44. a4 {[%emt 0:00:00]} g5 {[%emt 0:00:58]} 45. b4 {[%emt 0:00:00]} h4 {[%emt 0:00:18]} 46. Qg2 {[%emt 0:00:00]} Qd5 {[%emt 0:09:36]} 47. Qg4 {[%emt 0:00:00]} Kh6 {[%emt 0:00:10]} 48. Qe2 {[%emt 0:00:00]} f5 {[%emt 0:12:42]} 49. a5 {[%emt 0:00:00]} Qd4 {[%emt 0:02:16]} 50. a6 {[%emt 0:00:00]} f4 {[%emt 0:01:01]} 51. Qa2 {[%emt 0:00:00]} Qd1+ {[%emt 0:01:01]} 52. Kg2 {[%emt 0:00:00]} Qd8 {[%emt 0:00:38]} 53. Qe6+ {[%emt 0:00:00]} Kh5 {[%emt 0:00:14]} 54. Qxe4 {[%emt 1:08:21] normal Kg6} 0-1

[Event "GER-ch Youth U14 2019"]
[Site "Willingen"]
[Date "2019.06.12"]
[Round "6.20"]
[White "Bornholdt, Joa Max"]
[Black "Wellssow, Keoki"]
[Result "1-0"]
[WhiteElo "1754"]
[BlackElo "1509"]
[Annotator "NA"]
[PlyCount "28"]
[EventDate "2019.06.07"]
[EventType "swiss"]
[EventRounds "9"]
[EventCountry "GER"]
[SourceTitle "playchess.com"]
[Source "ChessBase"]
[SourceQuality "1"]
[TimeControl "40/5400+30:1800+30"]

1. e4 {[%emt 0:00:00]} g6 {[%emt 0:00:00]} 2. d4 {[%emt 0:00:00]} Bg7 {[%emt 0:00:00]} 3. Nc3 {[%emt 0:00:00]} d6 {[%emt 0:00:27]} 4. f4 {[%emt 0:00:13]} a6 {[%emt 0:01:02]} 5. Nf3 {[%emt 0:00:05]} b5 {[%emt 0:00:51]} 6. Bd3 {[%emt 0:00:44]} Bb7 {[%emt 0:00:28]} 7. e5 {[%emt 0:03:00]} dxe5 {[%emt 0:03:32]} 8. fxe5 {[%emt 0:01:56]} Nd7 {[%emt 0:02:50]} 9. e6 {[%emt 0:08:33]} fxe6 {[%emt 0:02:58]} 10. Ng5 {[%emt 0:03:03]} Nf8 {[%emt 0:09:21]} 11. Qe2 {[%emt 0:20:00]} Nf6 {[%emt 0:01:35]} 12. Bf4 {[%emt 0:07:13]} Qxd4 {[%emt 0:04:36]} 13. Bg3 {[%emt 0:04:12]} Bxg2 {[%emt 0:05:44]} 14. Qxg2 {[%emt 0:06:55] normal} Qe3+ {[%emt 0:02:29] normal} 1-0

[Event "GER-ch Youth U14 2019"]
[Site "Willingen"]
[Date "2019.06.12"]
[Round "6.21"]
[White "Wildermuth, Nikolas Karl"]
[Black "Gutewort, Paul Emil"]
[Result "1/2-1/2"]
[WhiteElo "1748"]
[BlackElo "1708"]
[Annotator "NA"]
[PlyCount "41"]
[EventDate "2019.06.07"]
[EventType "swiss"]
[EventRounds "9"]
[EventCountry "GER"]
[SourceTitle "playchess.com"]
[Source "ChessBase"]
[SourceQuality "1"]
[TimeControl "40/5400+30:1800+30"]

1. c4 {[%emt 0:00:00]} g6 {[%emt 0:00:00]} 2. Nc3 {[%emt 0:00:00]} Bg7 {[%emt 0:00:00]} 3. d3 {[%emt 0:00:01]} c5 {[%emt 0:00:00]} 4. g3 {[%emt 0:00:07]} Nc6 {[%emt 0:00:00]} 5. Bg2 {[%emt 0:00:10]} e6 {[%emt 0:00:00]} 6. e4 {[%emt 0:00:24]} Nge7 {[%emt 0:00:05]} 7. Nge2 {[%emt 0:00:30]} O-O {[%emt 0:00:14]} 8. O-O {[%emt 0:00:02]} d6 {[%emt 0:00:13]} 9. f4 {[%emt 0:00:43]} a6 {[%emt 0:00:06]} 10. Be3 {[%emt 0:04:51]} Nd4 {[%emt 0:00:05]} 11. a4 {[%emt 0:01:44]} Rb8 {[%emt 0:00:23]} 12. Rb1 {[%emt 0:01:27]} Bd7 {[%emt 0:03:07]} 13. g4 {[%emt 0:03:21]} b5 {[%emt 0:02:44]} 14. axb5 {[%emt 0:01:21]} axb5 {[%emt 0:03:44]} 15. Ng3 {[%emt 0:01:40]} f5 {[%emt 0:01:57]} 16. g5 {[%emt 0:03:36]} Qc7 {[%emt 0:02:30]} 17. h4 {[%emt 0:04:22]} Bc6 {[%emt 0:07:18]} 18. h5 {[%emt 0:03:49]} Qd7 {[%emt 0:05:21]} 19. Nce2 {[%emt 0:05:50]} e5 {[%emt 0:23:07]} 20. Bh3 {[%emt 0:05:32]} Nxe2+ {[%emt 0:10:18]} 21. Qxe2 {[%emt 0:01:08] normal} 1/2-1/2